Central Library OPAC University of Rajshahi

অর্থনৈতিক প্রাণিবিদ্যা : (Record no. 48804)

MARC details
000 -LEADER
fixed length control field 01043nam a2200265 4500
001 - CONTROL NUMBER
control field 48804
003 - CONTROL NUMBER IDENTIFIER
rucl marc code BD-RjUL
005 - DATE AND TIME OF LATEST TRANSACTION
control field 20211209054604.0
008 - FIXED-LENGTH DATA ELEMENTS--GENERAL INFORMATION
fixed length control field 160816s2008 bg a|||| |||| 00| 0 ben d
020 ## - INTERNATIONAL STANDARD BOOK NUMBER
International Standard Book Number 984074691X
Terms of availability TK:130.00
035 ## - SYSTEM CONTROL NUMBER
System control number (BD-RjUL)48923
040 ## - CATALOGING SOURCE
Original cataloging agency BD-RjUL
Language of cataloging ben
Transcribing agency BD-RjUL
041 ## - LANGUAGE CODE
Language code of text/sound track or separate title ben
082 ## - DEWEY DECIMAL CLASSIFICATION NUMBER
Edition number 23
Classification number 591.6
Author mark and year SAA 2008
100 ## - MAIN ENTRY--PERSONAL NAME
Personal name সরকার, উত্তম কুমার
9 (RLIN) 147154
245 ## - TITLE STATEMENT
Title অর্থনৈতিক প্রাণিবিদ্যা :
Remainder of title (অমেরুদণ্ডী) /
Statement of responsibility, etc. উত্তম কুমার সরকার
260 ## - PUBLICATION, DISTRIBUTION, ETC. (IMPRINT)
Place of publication, distribution, etc. ঢাকা :
Name of publisher, distributor, etc. বাংলা একাডেমী,
Date of publication, distribution, etc. ২০০৮
300 ## - PHYSICAL DESCRIPTION
Pagination [৬] ২০১ পৃ. :
Illustrations চিত্র ;
Size ২২ সেমি.
490 ## - SERIES STATEMENT
Series statement বাএ ;
Volume/sequential designation ৪৬৮২
504 ## - BIBLIOGRAPHY, ETC. NOTE
Bibliography, etc তথ্যপুজ্ঞি
650 ## - SUBJECT ADDED ENTRY--TOPICAL TERM
Topical term or geographic name as entry element প্রাণিবিদ্যা, অর্থনৈতিক
9 (RLIN) 147155
Topical term or geographic name as entry element Zoology, Economic
9 (RLIN) 147156
830 ## - SERIES ADDED ENTRY--UNIFORM TITLE
Uniform title বাএ ;
Volume number/sequential designation ৪৬৮২
942 ## - ADDED ENTRY ELEMENTS (KOHA)
Source of classification or shelving scheme Dewey Decimal Classification
Koha item type Books
Holdings
Lost status Source of classification or shelving scheme Damaged status Not for loan Collection code Permanent Location Current Location Shelving location Date acquired Source of acquisition Cost, normal purchase price Total Checkouts Full call number Date last seen Copy number Koha item type
  Dewey Decimal Classification     Non-fiction Central Library, University of Rajshahi Central Library, University of Rajshahi   06/02/2012 Dhaka bangla acedamy 130.00   B 591.6 SAA 2008 16/08/2016 C-2 Books
  Dewey Decimal Classification   Not For Loan Non-fiction Central Library, University of Rajshahi Central Library, University of Rajshahi Reading Room 06/02/2012 Dhaka bangla acedamy 130.00   B 591.6 SAA 2008 29/04/2017 C-1 Books